[Event "SVK-ch Seniors 65"]
[Site "Tatranske Matliare"]
[Date "2017.05.29"]
[Round "4"]
[White "Franzen, Jozef"]
[Black "Hudec, Jan"]
[Result "1-0"]
[WhiteElo "2254"]
[BlackElo "1974"]
[PlyCount "51"]
[EventDate "2017.05.27"]
[EventType "swiss"]
[EventRounds "9"]
[EventCountry "SVK"]
[SourceTitle "EXT 2023"]
[Source "ChessBase"]
[SourceDate "2022.10.05"]
[SourceVersion "1"]
[SourceVersionDate "2022.10.05"]
[SourceQuality "1"]

1. e4 c5 2. Nf3 e6 3. d3 Nc6 4. g3 d5 5. Nbd2 Nf6 6. Bg2 Be7 7. 0-0 0-0 8. Re1 b6 9. e5 Nd7 10. Nf1 Bb7 11. h4 d4 12. N1h2 Qc7 13. Bf4 Nb4 14. Ng4 Nd5 15. Bg5 Bxg5 16. hxg5 Ne7 17. Qd2 Ng6 18. Re2 Rab8 19. Rae1 Bd5 20. Nfh2 Bxg2 21. Kxg2 Qb7+ 22. Nf3 Rbd8 23. Rh1 Qd5 24. Re4 b5 25. Nf6+ gxf6 26. gxf6 1-0

[Event "SVK-ch Seniors-B"]
[Site "Tatranske Matliare"]
[Date "2016.06.12"]
[Round "9"]
[White "Sturc, Jan"]
[Black "Hudec, Jan"]
[Result "1-0"]
[WhiteElo "2046"]
[BlackElo "2054"]
[PlyCount "67"]
[EventDate "2016.06.05"]
[EventType "swiss"]
[EventRounds "9"]
[EventCountry "SVK"]
[SourceTitle "EXT 2023"]
[Source "ChessBase"]
[SourceDate "2022.10.05"]
[SourceVersion "1"]
[SourceVersionDate "2022.10.05"]
[SourceQuality "1"]

1. e4 c5 2. Nf3 e6 3. d4 cxd4 4. Nxd4 a6 5. Bd3 Nf6 6. 0-0 e5 7. Bg5 d6 8. Nf5 Bxf5 9. exf5 Be7 10. Qf3 Nc6 11. Nc3 0-0 12. Bxf6 Bxf6 13. Nd5 Kh8 14. c3 Rc8 15. Be4 Na5 16. Rad1 Bg5 17. f6 g6 18. b3 Nc6 19. g3 Rg8 20. h4 Bh6 21. Kg2 Qe8 22. h5 Qe6 23. Rh1 g5 24. Bf5 Qe8 25. Rhe1 g4 26. Qe2 Rb8 27. Bb1 e4 28. Qc2 Rg5 29. Rxe4 Qg8 30. Ne7 Nxe7 31. fxe7 f5 32. Rxd6 fxe4 33. Qxe4 Qf7 34. Rd8+ 1-0

[Event "SVK-ch Seniors-B"]
[Site "Tatranske Matliare"]
[Date "2016.06.08"]
[Round "5"]
[White "Jablonicky, Frantisek"]
[Black "Hudec, Jan"]
[Result "1-0"]
[WhiteElo "2135"]
[BlackElo "2054"]
[PlyCount "111"]
[EventDate "2016.06.05"]
[EventType "swiss"]
[EventRounds "9"]
[EventCountry "SVK"]
[SourceTitle "EXT 2023"]
[Source "ChessBase"]
[SourceDate "2022.10.05"]
[SourceVersion "1"]
[SourceVersionDate "2022.10.05"]
[SourceQuality "1"]

1. Nf3 d5 2. e3 c6 3. c4 e6 4. Nc3 Bd6 5. Be2 Ne7 6. d4 f5 7. Ne5 Nd7 8. f4 Nf6 9. Bd2 0-0 10. Qc2 Bd7 11. 0-0-0 Be8 12. Rdg1 Bxe5 13. fxe5 Nd7 14. Bd3 Bg6 15. Ne2 dxc4 16. Bxc4 Nd5 17. Nf4 Nxf4 18. exf4 Bf7 19. g4 Nb6 20. gxf5 Nxc4 21. Qxc4 Qd5 22. Qxd5 cxd5 23. f6 Rac8+ 24. Bc3 g6 25. Kd2 Rc6 26. h4 h5 27. Rc1 Rfc8 28. b3 Kf8 29. Bb4+ Ke8 30. Rxc6 Rxc6 31. a4 Kd7 32. a5 a6 33. Bc5 Kc8 34. Kc3 Kd7 35. Kb4 Kc8 36. Rc1 Kd7 37. Ka3 Kc8 38. b4 Rc7 39. Rg1 Rc6 40. Kb3 Kd7 41. b5 axb5 42. Kb4 Kc8 43. Kxb5 Kd7 44. Kb4 Kc8 45. Kc3 Kd7 46. Kd3 Kc8 47. Ke3 Kd7 48. Rb1 Kc8 49. Kf3 Be8 50. f5 exf5 51. Kf4 Bf7 52. Kg5 Be8 53. Kh6 f4 54. Rf1 Kd7 55. Rxf4 Ke6 56. f7 1-0

[Event "SVK-ch Seniors-B"]
[Site "Tatranske Matliare"]
[Date "2016.06.07"]
[Round "4"]
[White "Hudec, Jan"]
[Black "Benes, Karel"]
[Result "1-0"]
[WhiteElo "2054"]
[BlackElo "1641"]
[PlyCount "103"]
[EventDate "2016.06.05"]
[EventType "swiss"]
[EventRounds "9"]
[EventCountry "SVK"]
[SourceTitle "EXT 2023"]
[Source "ChessBase"]
[SourceDate "2022.10.05"]
[SourceVersion "1"]
[SourceVersionDate "2022.10.05"]
[SourceQuality "1"]

1. d4 d5 2. c4 e6 3. Nc3 Nf6 4. Bg5 Be7 5. e3 c6 6. Nf3 Nbd7 7. Qc2 h6 8. Bf4 Nh5 9. cxd5 exd5 10. Nxd5 Nxf4 11. Nxf4 0-0 12. Be2 Bd6 13. Nd3 Qa5+ 14. Qd2 Qxd2+ 15. Nxd2 Nb6 16. 0-0 Rd8 17. Ne4 Be7 18. Nec5 Rb8 19. Rfc1 Nd7 20. b4 Nf6 21. Ne5 Nd7 22. Nf3 Nf6 23. Bc4 Nd5 24. Ne5 f6 25. Ng6 Kh7 26. Nxe7 Nxe7 27. a4 f5 28. b5 Nd5 29. Rab1 b6 30. bxc6 Nc7 31. Nd3 Rd6 32. Ne5 Be6 33. Bxe6 Rxe6 34. Nd7 Rc8 35. a5 b5 36. Ne5 Kg8 37. f4 a6 38. Rc5 Rd6 39. Kf2 g5 40. fxg5 hxg5 41. Nf3 Nd5 42. Rbc1 g4 43. Nh4 f4 44. e4 Nb4 45. Nf5 Re6 46. Rd1 Rc7 47. e5 Kf7 48. Nd6+ Ke7 49. d5 Rxe5 50. Nb7 Kf6 51. d6 Rxc6 52. d7 1-0

[Event "SVK-chT1W 1516"]
[Site "Slovakia"]
[Date "2015.12.13"]
[Round "6.3"]
[White "Hudec, Jan"]
[Black "Puchovsky, Ladislav"]
[Result "1-0"]
[WhiteElo "2040"]
[BlackElo "1944"]
[PlyCount "99"]
[EventDate "2015.10.24"]
[EventType "team-tourn"]
[EventRounds "11"]
[EventCountry "SVK"]
[SourceTitle "CBM 170 Extra"]
[Source "ChessBase"]
[SourceDate "2016.02.25"]
[SourceVersion "1"]
[SourceVersionDate "2016.02.25"]
[SourceQuality "1"]
[WhiteTeam "Bratislava Slovan II"]
[BlackTeam "Bratislava Lokomotiva"]
[WhiteTeamCountry "SVK"]
[BlackTeamCountry "SVK"]

1. d4 f5 2. g3 Nf6 3. Bg2 g6 4. Nf3 Bg7 5. b4 0-0 6. Bb2 d6 7. Nbd2 Qe8 8. Rb1 Nbd7 9. 0-0 e5 10. dxe5 dxe5 11. e4 c6 12. Qe2 Ng4 13. Rbe1 f4 14. Nc4 Qe7 15. Qd2 b6 16. a4 Kh8 17. Qd6 Qxd6 18. Nxd6 a5 19. Nxc8 Raxc8 20. Rd1 Rc7 21. Ng5 Ra7 22. Ne6 fxg3 23. hxg3 Re8 24. Nxg7 Kxg7 25. bxa5 bxa5 26. Rd6 Rc8 27. Rfd1 Rcc7 28. Bh3 Ngf6 29. f4 Nc5 30. Rxf6 Kxf6 31. Bxe5+ Kf7 32. Bxc7 Rxc7 33. Rd4 Nb7 34. Kf2 Ke7 35. Ke3 c5 36. Rd5 Nd6 37. Re5+ Kf7 38. Be6+ Kg7 39. Bd5 h5 40. Re6 Rd7 41. Kf3 Rd8 42. Re7+ Kf6 43. Ra7 g5 44. e5+ Kf5 45. exd6 g4+ 46. Kf2 Rxd6 47. c4 Rb6 48. Rf7+ Kg6 49. Rb7 Rf6 50. Be4+ 1-0

[Event "SVK-chT2A 1516"]
[Site "Slovakia"]
[Date "2015.12.06"]
[Round "6.7"]
[White "Hudec, Jan"]
[Black "Kucera, Michal"]
[Result "1/2-1/2"]
[WhiteElo "2040"]
[BlackElo "1871"]
[PlyCount "78"]
[EventDate "2015.10.17"]
[EventType "team-tourn"]
[EventRounds "11"]
[EventCountry "SVK"]
[SourceTitle "CBM 169 Extra"]
[Source "ChessBase"]
[SourceDate "2015.12.18"]
[SourceVersion "1"]
[SourceVersionDate "2015.12.18"]
[SourceQuality "1"]
[WhiteTeam "Bratislava DP"]
[BlackTeam "Devinska Nova Ves II"]
[WhiteTeamCountry "SVK"]
[BlackTeamCountry "SVK"]

1. d4 Nf6 2. c4 e6 3. Nc3 Bb4 4. e3 0-0 5. Nf3 c5 6. Bd3 d5 7. 0-0 Nc6 8. a3 Ba5 9. dxc5 Bxc3 10. bxc3 Qa5 11. cxd5 exd5 12. Qc2 Qxc5 13. a4 Re8 14. Ba3 Qa5 15. Rab1 Qc7 16. h3 h6 17. Rfd1 Bd7 18. c4 dxc4 19. Bxc4 Be6 20. Bxe6 Rxe6 21. Nd4 Re4 22. Rb5 Rc8 23. Rc5 Qb6 24. a5 Qa6 25. Nf5 Re6 26. Nd4 Ree8 27. Rc1 Nxd4 28. exd4 Rcd8 29. Bb2 Nd5 30. Qa4 Nf4 31. Rf1 Nd3 32. Rc2 b6 33. Bc3 bxa5 34. Bxa5 Rb8 35. Qc4 Qxa5 36. Qxd3 Rbd8 37. Rd1 Rd5 38. Rcd2 Red8 39. Qc4 Qb6 1/2-1/2

[Event "SVK-chT1W 1516"]
[Site "Slovakia"]
[Date "2015.11.15"]
[Round "4.8"]
[White "Stetina, Erik"]
[Black "Hudec, Jan"]
[Result "0-1"]
[WhiteElo "2018"]
[BlackElo "2028"]
[PlyCount "126"]
[EventDate "2015.10.24"]
[EventType "team-tourn"]
[EventRounds "11"]
[EventCountry "SVK"]
[SourceTitle "CBM 170 Extra"]
[Source "ChessBase"]
[SourceDate "2016.02.25"]
[SourceVersion "1"]
[SourceVersionDate "2016.02.25"]
[SourceQuality "1"]
[WhiteTeam "Trnava Lokomotiva"]
[BlackTeam "Bratislava Slovan II"]
[WhiteTeamCountry "SVK"]
[BlackTeamCountry "SVK"]

1. e4 c5 2. Nf3 e6 3. Nc3 Nc6 4. g3 d5 5. exd5 exd5 6. Bg2 Nf6 7. 0-0 d4 8. Re1+ Be7 9. Nb5 0-0 10. d3 Be6 11. c4 dxc3 12. bxc3 Qd7 13. Qe2 Rad8 14. Bf1 Bg4 15. Bf4 a6 16. Na3 Nd5 17. Bd2 Bf6 18. Rac1 Rfe8 19. Qd1 Qf5 20. Be2 Rxe2 21. Qxe2 Ne5 22. Nh4 Qd7 23. f3 Bh5 24. Nc4 Nxc4 25. dxc4 Nc7 26. Bf4 Ne6 27. Ng2 Qc6 28. Kf2 h6 29. Qe4 Qa4 30. Qe2 g5 31. Be5 Bxe5 32. Qxe5 Qxa2+ 33. Re2 Qxc4 34. Ne3 Qb3 35. Nf5 Rd3 36. g4 Bg6 37. Qf6 Bxf5 38. gxf5 Ng7 39. Re7 Qd5 40. Re3 Rxe3 41. Kxe3 Nxf5+ 42. Ke2 Qc4+ 43. Ke1 Qd3 44. Qe5 Nh4 45. Qe8+ Kg7 46. Qe5+ Kg6 47. Qe4+ Qxe4+ 48. fxe4 Kf6 49. Ke2 Ke5 50. Rb1 b5 51. Ra1 Kxe4 52. Rxa6 f5 53. Rxh6 f4 54. Rh5 f3+ 55. Kf2 Kf4 56. Rh8 Ng6 57. Rb8 Ne5 58. Rf8+ Ke4 59. Re8 g4 60. Kg3 Kd5 61. Kf4 f2 62. Rd8+ Kc4 63. Rd1 Nd3+ 0-1

[Event "SVK-chT2A 1516"]
[Site "Slovakia"]
[Date "2015.10.17"]
[Round "1.6"]
[White "Hudec, Jan"]
[Black "Stetina, Erik"]
[Result "1-0"]
[WhiteElo "2040"]
[BlackElo "2014"]
[PlyCount "95"]
[EventDate "2015.10.17"]
[EventType "team-tourn"]
[EventRounds "11"]
[EventCountry "SVK"]
[SourceTitle "CBM 169 Extra"]
[Source "ChessBase"]
[SourceDate "2015.12.18"]
[SourceVersion "1"]
[SourceVersionDate "2015.12.18"]
[SourceQuality "1"]
[WhiteTeam "Bratislava DP"]
[BlackTeam "Trnava Lokomotiva II"]
[WhiteTeamCountry "SVK"]
[BlackTeamCountry "SVK"]

1. d4 Nf6 2. c4 e6 3. Nc3 Bb4 4. e3 0-0 5. Bd3 Bxc3+ 6. bxc3 d6 7. Nf3 Qe7 8. Qc2 e5 9. Ng5 h6 10. Ne4 Nbd7 11. Ng3 g6 12. 0-0 Re8 13. e4 Kg7 14. f4 b6 15. a4 Bb7 16. fxe5 dxe5 17. Be3 Ng4 18. Rf3 f5 19. Bf2 Nxf2 20. Rxf2 f4 21. Nf1 Qd6 22. Nd2 exd4 23. cxd4 Qxd4 24. Nb3 Qe5 25. Raf1 Rf8 26. Qd2 g5 27. Bc2 Rad8 28. Nd4 Nf6 29. Nf5+ Kh7 30. Qe2 Bxe4 31. Ng3 Rfe8 32. Nxe4 Nxe4 33. Re1 Rd4 34. Qh5 Kg7 35. Rfe2 Qc5 36. Kf1 Qxc4 37. Qxe8 f3 38. Qe5+ Kg8 39. gxf3 Nd2+ 40. Kf2 Rd8 41. Bf5 Qh4+ 42. Qg3 Qd4+ 43. Kg2 Rf8 44. Qe5 Nxf3 45. Kxf3 Qd3+ 46. Kg2 Rxf5 47. Qe6+ Kg7 48. Qe4 1-0

[Event "SVK-ch Seniors"]
[Site "Tatranske Matliare"]
[Date "2015.06.02"]
[Round "5"]
[White "Hudec, Jan"]
[Black "Marsina, Stefan"]
[Result "1/2-1/2"]
[WhiteElo "2022"]
[BlackElo "1970"]
[PlyCount "42"]
[EventDate "2015.05.30"]
[EventType "swiss"]
[EventRounds "9"]
[EventCountry "SVK"]
[SourceTitle "EXT 2017"]
[Source "ChessBase"]
[SourceDate "2016.10.25"]
[SourceVersion "1"]
[SourceVersionDate "2016.10.25"]
[SourceQuality "1"]

1. d4 Nf6 2. Bf4 d6 3. c4 Bf5 4. Nc3 Nbd7 5. Nf3 h6 6. Qb3 Qc8 7. g3 g5 8. Bd2 Ne4 9. Be3 Bg7 10. Bg2 0-0 11. Nxe4 Bxe4 12. 0-0 c5 13. d5 Nf6 14. Nd2 Bxg2 15. Kxg2 Ng4 16. Rab1 Qd7 17. Nf3 Nxe3+ 18. Qxe3 f5 19. h4 g4 20. Ng1 Kh7 21. Qd3 e5 1/2-1/2

[Event "SVK-ch Seniors"]
[Site "Tatranske Matliare"]
[Date "2013.06.06"]
[Round "6"]
[White "Mrva, Vladimir"]
[Black "Hudec, Jan"]
[Result "1/2-1/2"]
[WhiteElo "2176"]
[BlackElo "1971"]
[PlyCount "48"]
[EventDate "2013.06.02"]
[EventType "swiss"]
[EventRounds "9"]
[EventCountry "SVK"]
[SourceTitle "EXT 2023"]
[Source "ChessBase"]
[SourceDate "2022.10.05"]
[SourceVersion "1"]
[SourceVersionDate "2022.10.05"]
[SourceQuality "1"]

1. e4 c5 2. Nf3 e6 3. c4 Nc6 4. d4 cxd4 5. Nxd4 Nf6 6. Nc3 Qc7 7. Ndb5 Qb8 8. Be3 a6 9. Nd4 Qc7 10. a3 Ne5 11. Rc1 d6 12. Be2 Bd7 13. 0-0 Be7 14. f4 Ng6 15. f5 Ne5 16. fxe6 fxe6 17. h3 0-0 18. Qe1 Qc8 19. Qg3 Qe8 20. Rf2 Rc8 21. b3 Qg6 22. Qxg6 Nxg6 23. a4 Ne5 24. Nf3 Nc6 1/2-1/2

[Event "Bratislava Slovan op"]
[Site "Bratislava"]
[Date "2013.05.04"]
[Round "9"]
[White "Slobodnik, Michal"]
[Black "Hudec, Jan"]
[Result "1-0"]
[WhiteElo "1817"]
[BlackElo "2005"]
[PlyCount "21"]
[EventDate "2013.04.27"]
[EventType "swiss"]
[EventRounds "9"]
[EventCountry "SVK"]
[SourceTitle "EXT 2023"]
[Source "ChessBase"]
[SourceDate "2022.10.05"]
[SourceVersion "1"]
[SourceVersionDate "2022.10.05"]
[SourceQuality "1"]

1. d4 d5 2. Nf3 c6 3. c4 e6 4. Nc3 dxc4 5. a4 Bb4 6. g3 Nf6 7. Bg5 Qa5 8. Qc2 Ne4 9. Bd2 Nxd2 10. Nxd2 Qd5 11. Nxd5 1-0

[Event "Bratislava Slovan op"]
[Site "Bratislava"]
[Date "2013.05.03"]
[Round "8"]
[White "Hudec, Jan"]
[Black "Zdrazil, Bohumir"]
[Result "0-1"]
[WhiteElo "2005"]
[BlackElo "1896"]
[PlyCount "56"]
[EventDate "2013.04.27"]
[EventType "swiss"]
[EventRounds "9"]
[EventCountry "SVK"]
[SourceTitle "CBM 154 Extra"]
[Source "ChessBase"]
[SourceDate "2013.06.25"]
[SourceVersion "2"]
[SourceVersionDate "2013.06.25"]
[SourceQuality "1"]

1. d4 d5 2. c4 c6 3. Nf3 Nf6 4. Nc3 e6 5. cxd5 exd5 6. Qc2 Bd6 7. Bg5 Nbd7 8. e3 h6 9. Bh4 Qc7 10. Bd3 0-0 11. a3 Re8 12. Rc1 a6 13. 0-0 Be7 14. b4 Qd8 15. Qb3 Ne4 16. Bxe7 Qxe7 17. Bxe4 dxe4 18. Nd2 Nf6 19. d5 Bd7 20. Rfd1 cxd5 21. Nxd5 Nxd5 22. Qxd5 Ba4 23. Re1 Rad8 24. Qa2 Rd3 25. Rc5 Red8 26. Nf1 Rd1 27. Rxd1 Rxd1 28. Rd5 Qe6 0-1

[Event "Bratislava Slovan op"]
[Site "Bratislava"]
[Date "2013.04.29"]
[Round "4"]
[White "Hudec, Jan"]
[Black "Vlkovic, Pavol"]
[Result "0-1"]
[WhiteElo "2005"]
[BlackElo "1778"]
[PlyCount "66"]
[EventDate "2013.04.27"]
[EventType "swiss"]
[EventRounds "9"]
[EventCountry "SVK"]
[SourceTitle "EXT 2023"]
[Source "ChessBase"]
[SourceDate "2022.10.05"]
[SourceVersion "1"]
[SourceVersionDate "2022.10.05"]
[SourceQuality "1"]

1. d4 g6 2. c4 Bg7 3. Nc3 c5 4. d5 Bxc3+ 5. bxc3 f5 6. h4 Qa5 7. Bd2 Nf6 8. h5 Rg8 9. hxg6 hxg6 10. Nf3 d6 11. Qb1 Nbd7 12. e3 Nb6 13. Bd3 Bd7 14. 0-0 0-0-0 15. Ng5 Rde8 16. Re1 Qa6 17. Qd1 Nfxd5 18. Qe2 Nf6 19. e4 fxe4 20. Nxe4 Nxe4 21. Bxe4 Qxc4 22. Qe3 Bf5 23. Qf4 Rgf8 24. Bxf5+ gxf5 25. Qg5 Qf7 26. Rab1 Rg8 27. Qe3 e5 28. Red1 Re6 29. Be1 Reg6 30. g3 Nc4 31. Qe2 e4 32. f4 Rh8 33. Kf1 Rh1+ 0-1

[Event "Bratislava Slovan op"]
[Site "Bratislava"]
[Date "2013.04.28"]
[Round "2"]
[White "Gabris, Ondrej"]
[Black "Hudec, Jan"]
[Result "1-0"]
[WhiteElo "2200"]
[BlackElo "2005"]
[PlyCount "37"]
[EventDate "2013.04.27"]
[EventType "swiss"]
[EventRounds "9"]
[EventCountry "SVK"]
[SourceTitle "CBM 154 Extra"]
[Source "ChessBase"]
[SourceDate "2013.06.25"]
[SourceVersion "2"]
[SourceVersionDate "2013.06.25"]
[SourceQuality "1"]

1. e4 c5 2. Nc3 e6 3. f4 d5 4. Nf3 Nc6 5. Bb5 d4 6. Bxc6+ bxc6 7. Ne2 Nf6 8. d3 Be7 9. 0-0 0-0 10. b3 Ba6 11. Qe1 g6 12. h3 Qb6 13. Kh2 Rad8 14. g4 h5 15. e5 Nd5 16. gxh5 gxh5 17. f5 f6 18. Qg3+ Kh8 19. Qg6 1-0

[Event "SVK-ch Seniors"]
[Site "Tatranske Matliare"]
[Date "2012.06.07"]
[Round "7"]
[White "Mesaros, Jan"]
[Black "Hudec, Jan"]
[Result "0-1"]
[WhiteElo "1822"]
[BlackElo "2016"]
[PlyCount "57"]
[EventDate "2012.06.02"]
[EventType "swiss"]
[EventRounds "9"]
[EventCountry "SVK"]
[SourceTitle "EXT 2014"]
[Source "ChessBase"]
[SourceDate "2013.11.20"]
[SourceVersion "1"]
[SourceVersionDate "2013.11.20"]
[SourceQuality "1"]

1. d4 Nf6 2. Nf3 d5 3. e3 c6 4. Bd3 Bg4 5. Nbd2 e6 6. 0-0 Bd6 7. c3 Qc7 8. h3 Bh5 9. e4 dxe4 10. Nxe4 Nxe4 11. Bxe4 Nd7 12. Re1 Nf6 13. Bd3 Bg6 14. Bc4 0-0 15. Bg5 Nd5 16. Nh4 Bh2+ 17. Kh1 Bf4 18. Nxg6 hxg6 19. Qg4 Bxg5 20. Qxg5 Qf4 21. Qe5 Qxe5 22. Rxe5 Rfd8 23. Rae1 Kf8 24. Kh2 a5 25. Kg3 Nb6 26. Bf1 Nd7 27. R5e3 Nf6 28. Bc4 b5 29. Bf1 0-1

[Event "SVK-chT1W 1011"]
[Site "Slovakia"]
[Date "2011.03.19"]
[Round "8"]
[White "Hudec, Jan"]
[Black "Orgon, Dusan"]
[Result "0-1"]
[WhiteElo "2067"]
[BlackElo "2086"]
[PlyCount "96"]
[EventDate "2010.11.06"]
[EventType "team-tourn"]
[EventRounds "11"]
[EventCountry "SVK"]
[SourceTitle "EXT 2012"]
[Source "ChessBase"]
[SourceDate "2011.11.24"]
[SourceVersion "1"]
[SourceVersionDate "2011.11.24"]
[SourceQuality "1"]
[WhiteTeam "Bratislava Slovan II"]
[BlackTeam "Dubnica nad Vahom II"]
[WhiteTeamCountry "SVK"]
[BlackTeamCountry "SVK"]

1. d4 f5 2. Nf3 Nf6 3. Bf4 d5 4. g3 e6 5. Bg2 c6 6. 0-0 Be7 7. c4 0-0 8. Nc3 Nbd7 9. Qd3 Ne4 10. Ne5 g5 11. Nxd7 Bxd7 12. Be5 Be8 13. e3 Bg6 14. f3 Nd6 15. Bxd6 Qxd6 16. c5 Qd7 17. f4 b6 18. b4 b5 19. a4 a6 20. Ra2 Ra7 21. Rfa1 Rfa8 22. Bf1 Be8 23. Qc2 Bf6 24. Bd3 gxf4 25. gxf4 Kf8 26. Qe2 Qg7+ 27. Kh1 Bxd4 28. exd4 Qxd4 29. axb5 Qxc3 30. b6 Rg7 31. Rb1 Bh5 32. Qxh5 Qxd3 33. Rg1 Rxg1+ 34. Kxg1 Qb1+ 35. Kf2 Qxa2+ 36. Kg3 Qb2 37. Kf3 Qc3+ 38. Ke2 Qc2+ 39. Ke1 Qe4+ 40. Kd1 Qd4+ 41. Kc2 Qc4+ 42. Kd1 Qb3+ 43. Ke2 Qb2+ 44. Kd1 Qg7 45. Kc2 a5 46. b5 cxb5 47. Qe2 Qd7 48. Qe5 Kf7 0-1

[Event "SVK-ch Seniors-A"]
[Site "Tatranske Matliare"]
[Date "2010.06.07"]
[Round "2"]
[White "Spiriak, Vladimir2222"]
[Black "Hudec, Jan"]
[Result "0-1"]
[WhiteElo "1885"]
[BlackElo "2081"]
[PlyCount "60"]
[EventDate "2010.06.06"]
[EventType "swiss"]
[EventRounds "9"]
[EventCountry "SVK"]
[SourceTitle "EXT 2023"]
[Source "ChessBase"]
[SourceDate "2022.10.05"]
[SourceVersion "1"]
[SourceVersionDate "2022.10.05"]
[SourceQuality "1"]

1. e4 c5 2. Nf3 e6 3. c3 Nf6 4. d3 Nc6 5. Bg5 d6 6. Nbd2 Be7 7. Qc2 0-0 8. Be2 Qc7 9. Bh4 Bd7 10. Rc1 Rac8 11. Nc4 b5 12. Ne3 Qa5 13. 0-0 Rfe8 14. Qd2 b4 15. Nc4 Qc7 16. cxb4 cxb4 17. Ne3 Qb8 18. g4 d5 19. h3 h6 20. Bxf6 Bxf6 21. exd5 Nd4 22. Rxc8 Rxc8 23. Nxd4 Bxd4 24. Nc2 Qg3+ 25. Kh1 Qxh3+ 26. Kg1 Qg3+ 27. Kh1 Bxf2 28. Rxf2 Qxf2 29. Nxb4 exd5 30. d4 Bxg4 0-1

[Event "SVK-ch Seniors-A"]
[Site "Tatranske Matliare"]
[Date "2010.06.??"]
[Round "4"]
[White "Goc, Jan"]
[Black "Hudec, Jan"]
[Result "1-0"]
[WhiteElo "1977"]
[BlackElo "2081"]
[PlyCount "117"]
[EventDate "2010.06.06"]
[EventType "swiss"]
[EventRounds "9"]
[EventCountry "SVK"]
[SourceTitle "EXT 2023"]
[Source "ChessBase"]
[SourceDate "2022.10.05"]
[SourceVersion "1"]
[SourceVersionDate "2022.10.05"]
[SourceQuality "1"]

1. f4 d5 2. Nf3 Nf6 3. e3 g6 4. b4 Bg7 5. Bb2 0-0 6. Be2 c6 7. a4 Nbd7 8. 0-0 a5 9. b5 c5 10. Qc1 Nb6 11. d3 Be6 12. Nbd2 Rc8 13. Bc3 d4 14. exd4 Nfd5 15. Bxa5 Nxf4 16. Qe1 Bxd4+ 17. Nxd4 Qxd4+ 18. Kh1 Nd7 19. Nf3 Qd6 20. Ng5 Bd5 21. Bf3 Nf6 22. Bc3 Bxf3 23. Rxf3 N4d5 24. Be5 Qd7 25. Qh4 h5 26. c4 Ng4 27. Bg3 Nde3 28. h3 Qd4 29. Re1 Nc2 30. hxg4 Nxe1 31. Bxe1 Qxg4 32. Qxg4 hxg4 33. Re3 Rfe8 34. Bc3 e5 35. Ne4 Re6 36. a5 f5 37. Ng5 Re7 38. Rxe5 Rxe5 39. Bxe5 Re8 40. Bg3 Rd8 41. a6 bxa6 42. b6 a5 43. b7 a4 44. b8Q Rxb8 45. Bxb8 a3 46. Be5 a2 47. Kg1 Kf8 48. Kf1 Ke7 49. Ke1 Kd7 50. Kd2 f4 51. Kc2 f3 52. gxf3 gxf3 53. Nxf3 Ke6 54. Kb2 g5 55. d4 a1Q+ 56. Kxa1 cxd4 57. Bxd4 g4 58. Ng1 g3 59. Kb2 1-0

[Event "SVK-ch Seniors-A"]
[Site "Tatranske Matliare"]
[Date "2010.06.??"]
[Round "7"]
[White "Hudec, Jan"]
[Black "Androvic, Peter"]
[Result "1-0"]
[WhiteElo "2081"]
[BlackElo "1913"]
[PlyCount "45"]
[EventDate "2010.06.06"]
[EventType "swiss"]
[EventRounds "9"]
[EventCountry "SVK"]
[SourceTitle "EXT 2023"]
[Source "ChessBase"]
[SourceDate "2022.10.05"]
[SourceVersion "1"]
[SourceVersionDate "2022.10.05"]
[SourceQuality "1"]

1. d4 f5 2. Nf3 d6 3. c4 c6 4. Nc3 Qc7 5. Bf4 Nf6 6. c5 g6 7. Qc2 Bg7 8. cxd6 exd6 9. e4 Nh5 10. Nb5 Qa5+ 11. b4 Qb6 12. Nxd6+ Ke7 13. Nc4 Qxb4+ 14. Bd2 Qb5 15. a4 Qa6 16. Bb4+ Kd8 17. Ng5 b5 18. Nf7+ Kc7 19. Ncd6 Rf8 20. Nxb5+ Kd7 21. Ne5+ Bxe5 22. dxe5 Rd8 23. Rd1+ 1-0

[Event "SVK-ch Seniors-A"]
[Site "Tatranske Matliare"]
[Date "2010.06.??"]
[Round "8"]
[White "Malinovsky, Jozef"]
[Black "Hudec, Jan"]
[Result "0-1"]
[WhiteElo "1909"]
[BlackElo "2081"]
[PlyCount "72"]
[EventDate "2010.06.06"]
[EventType "swiss"]
[EventRounds "9"]
[EventCountry "SVK"]
[SourceTitle "EXT 2023"]
[Source "ChessBase"]
[SourceDate "2022.10.05"]
[SourceVersion "1"]
[SourceVersionDate "2022.10.05"]
[SourceQuality "1"]

1. d4 d5 2. Bg5 Nf6 3. Bxf6 exf6 4. e3 Bd6 5. Bd3 0-0 6. h4 c5 7. c3 cxd4 8. cxd4 Nc6 9. a3 Re8 10. Bc2 Qb6 11. b4 Nxd4 12. Bd3 Be5 13. Ra2 Nf5 14. Nh3 Be6 15. Re2 Nh6 16. 0-0 Bg4 17. Nd2 Bxe2 18. Qxe2 Rac8 19. Nf3 Rc3 20. Nxe5 fxe5 21. Ng5 g6 22. e4 d4 23. f4 exf4 24. Rxf4 Rc1+ 25. Kh2 Qc7 26. g3 f5 27. Qa2+ Kh8 28. exf5 Ree1 29. fxg6 Rh1+ 30. Kg2 Rcg1+ 31. Kf3 Qc6+ 32. Ne4 Qxg6 33. Qd5 Rxg3+ 34. Nxg3 Qxd3+ 35. Kg2 Rg1+ 36. Kh2 Qxg3# 0-1

[Event "SVK-chT1W 0910"]
[Site "Slovakia"]
[Date "2010.03.06"]
[Round "10.1"]
[White "Boldis, Frantisek"]
[Black "Hudec, Jan"]
[Result "0-1"]
[WhiteElo "2035"]
[BlackElo "2092"]
[PlyCount "90"]
[EventDate "2009.10.17"]
[EventType "team"]
[EventRounds "11"]
[EventCountry "SVK"]
[SourceTitle "EXT 2011"]
[Source "ChessBase"]
[SourceDate "2010.11.26"]
[SourceVersion "1"]
[SourceVersionDate "2010.11.26"]
[SourceQuality "1"]
[WhiteTeam "Tlmace"]
[BlackTeam "Bratislava Slovan II"]
[WhiteTeamCountry "SVK"]
[BlackTeamCountry "SVK"]

1. d4 d5 2. Nf3 c6 3. Bf4 Nf6 4. e3 Bf5 5. Be2 e6 6. 0-0 Nbd7 7. Nbd2 Be7 8. h3 0-0 9. Bh2 Ne4 10. c3 Ndf6 11. Ne5 Nxd2 12. Qxd2 Ne4 13. Qc1 c5 14. f3 Nf6 15. Nd3 b6 16. Qd2 Rc8 17. Rae1 Nd7 18. Nf2 cxd4 19. exd4 Nf6 20. Ba6 Rc6 21. Bb7 Rc4 22. b3 Rc7 23. Bxc7 Qxc7 24. Ba6 Nh5 25. Nh1 Nf4 26. Nf2 Bg5 27. Qb2 Bh4 28. Re5 f6 29. Re3 Bg5 30. Ree1 Nh5 31. Ng4 Bf4 32. Rd1 Bxg4 33. hxg4 Be3+ 34. Rf2 Nf4 35. Kf1 f5 36. Re2 Nxe2 37. Kxe2 Bg5 38. gxf5 Qf4 39. Re1 Bh4 40. Rf1 exf5 41. Bb5 Bg5 42. Kd1 Rc8 43. c4 dxc4 44. Bxc4+ Kh8 45. Qc2 Qxd4+ 0-1